Famous People from Jonesboro by Picture - Statistics

General Stats
  • This quiz has been taken 6 times
  • The average score is 8 of 34
Answer Stats
Picture Hint Answer % Correct
Football Coach (born 1969) Blake Anderson
60%
Musician (born 1981) Zach Williams
60%
Author / Actor / Spoken Word Performer / Stylist (born 1971) Clint Catalyst
40%
Novelist / Lawyer / Mississippi Representative (born 1955) John Grisham
40%
Football Player (born 1999) Jonathan Adams
40%
Actor / Comedian (born 1951) Rodger Bumpass
40%
Bare-Knuckle Boxer / Mixed Martial Artist (born 1984) Alan Belcher
20%
Golfer (born 1991) Austin Cook
20%
Actor (born 1942) Ben Murphy
20%
Musician (1933-2009) Billy Lee Riley
20%
Singer / State Representative (1934-2008) Bobby Lee Trammell
20%
Baseball Coach (born 1982) Corey Ragsdale
20%
Evangelist / Motivational Speaker (born 1953) David Ring
20%
TV Anchor / Veterinarian / Talk Show Host / Miss America Winner (born 1965) Debbye Turner
20%
President & CEO of Walmart (born 1966) Doug McMillon
20%
State Attorney General (born 1972) Dustin McDaniel
20%
Pole Vaulter (born 1955) Earl Bell
20%
Governor (1908-1965) Francis Cherry
20%
Mayor / State Representative (born 1961) Harold Copenhaver
20%
U.S. Senator (1878-1950) Hattie Caraway
20%
Ambassador / Negotiator (1944-2021) James W. Pardew
20%
Pole Vaulter (born 1967) Jeff Hartwig
20%
Basketball Coach (born 1983) Jennifer Sullivan
20%
Basketball Player (1943-2019) Jerry Rook
20%
U.S. Secretary of the Treasury (1895-1985) John Wesley Snyder
20%
Environmental Activist / Tax Redirection Advocate (born 1974) Julia Butterfly Hill
20%
Convicted Murderer / Adult Model (born 1993) Kelsey Turner
20%
Actor / Singer (born 1981) Kyle Dean Massey
20%
Tenor / Actor (born 1978) Matt Cavenaugh
20%
Army Lt. General (1905-1985) Paul Caraway
20%
Boxer / Wrestler / Bodybuilder / Martial Artist / Actress (born 1970) Shannon Hall
20%
U.S. Senator & Representative (1871-1931) Thaddeus H. Caraway
20%
Football Player (born 1993) Zac Brooks
20%
Basketball Player (born 1998) Malik Monk
0%
No matching quizzes found
Score Distribution
Percent of People with Each Score
Percentile by Number Answered
Your Score History
You have not taken this quiz